[Event "ICS rated blitz match"]
[Site "204.178.125.65"]
[Date "2001.01.13"]
[Round "?"]
[White "ChesterX"]
[Black "Hossa"]
[Result "1/2-1/2"]
[WhiteElo "2625"]
[BlackElo "2620"]
[PlyCount "134"]
[EventDate "2001.??.??"]

1. g3 g6 2. Bg2 Bg7 3. c4 Nf6 4. Nc3 O-O 5. Nf3 c5 6. O-O Nc6 7. d3 d6 8. a3
Bd7 9. Rb1 Nd4 10. b4 Bc6 11. e4 Nxf3+ 12. Bxf3 Nd7 13. Qc2 e6 14. b5 Ne5 15.
Bg2 Be8 16. Ne2 Rb8 17. f4 Nd7 18. f5 Qe7 19. fxe6 fxe6 20. Rxf8+ Bxf8 21. Bb2
Bh6 22. Kh1 Bf7 23. Rf1 Be3 24. Rf3 Bg5 25. Qa4 Ra8 26. Qa5 e5 27. Nc3 b6 28.
Qa4 Nf6 29. Qd1 Rf8 30. a4 Be6 31. h4 Bh6 32. Nd5 Nxd5 33. exd5 Bf5 34. a5 bxa5
35. Bc3 Re8 36. Rf2 a4 37. Ra2 Rf8 38. Rxa4 Qd7 39. Ra2 Rf7 40. Kh2 Bg4 41. Qe1
Qf5 42. Ra6 Qf6 43. Qe4 Bf5 44. Qe2 Qd8 45. Ra1 Qc8 46. Rf1 Bg4 47. Qe1 Rxf1
48. Bxf1 Qf5 49. Be2 Qh5 50. Bxg4 Qxg4 51. Kg2 Bg7 52. Qe4 Qd1 53. Ba5 Bf8 54.
g4 Be7 55. g5 Qc2+ 56. Kg3 Qc1 57. Kf2 Kg7 58. Qg4 Qc2+ 59. Ke3 Kf8 60. Qc8+
Kf7 61. Qh8 Qc1+ 62. Ke2 e4 63. dxe4 Qxc4+ 64. Ke3 Qc1+ 65. Ke2 Qc2+ 66. Ke3
Qc1+ 67. Ke2 Qc2+ {Game drawn by mutual agreement} 1/2-1/2

[Event "ICS rated blitz match"]
[Site "204.178.125.65"]
[Date "2001.01.13"]
[Round "?"]
[White "Hossa"]
[Black "QuarkX"]
[Result "1-0"]
[WhiteElo "2620"]
[BlackElo "2500"]
[PlyCount "77"]
[EventDate "2001.??.??"]

1. Nf3 c5 2. e4 a6 3. Be2 Nc6 4. O-O Nf6 5. Nc3 e5 6. d3 Be7 7. Be3 d6 8. Nd2
Be6 9. f4 exf4 10. Rxf4 O-O 11. Qf1 Nd4 12. Bd1 d5 13. exd5 Nxd5 14. Nxd5 Qxd5
15. c3 Nf5 16. Nc4 Rad8 17. Bc2 Nxe3 18. Nxe3 Qg5 19. Nf5 Bf6 20. Re1 Bxa2 21.
b3 Bxc3 22. h4 Qxf4 23. Qxf4 Bxe1 24. Qe5 Bc3 25. Qxc3 f6 26. Qxc5 g6 27. Nd6
b5 28. Qd5+ Kg7 29. Qb7+ Kh6 30. Qxa6 b4 31. Qb6 Rb8 32. Qe3+ Kg7 33. Qe7+ Kg8
34. h5 Rb7 35. Qxb7 gxh5 36. Nf5 Rf7 37. Nh6+ Kh8 38. Qxf7 Bxb3 39. Qxf6# {
QuarkX checkmated} 1-0

[Event "ICS rated blitz match"]
[Site "204.178.125.65"]
[Date "2001.01.13"]
[Round "?"]
[White "QuarkX"]
[Black "Hossa"]
[Result "1-0"]
[WhiteElo "2489"]
[BlackElo "2631"]
[PlyCount "151"]
[EventDate "2001.??.??"]

1. d4 Nf6 2. Bg5 Ne4 3. h4 c5 4. d5 d6 5. Nf3 Nxg5 6. hxg5 e5 7. Nc3 Qb6 8. Rb1
Qa5 9. e3 g6 10. Rh4 Bd7 11. b4 cxb4 12. Rhxb4 Be7 13. Nd2 Na6 14. Rxb7 Qxc3
15. Bxa6 Bd8 16. Qf3 Rf8 17. Qe4 Ba5 18. Qd3 Qxd3 19. Bxd3 a6 20. Ke2 Bxd2 21.
Kxd2 Bc8 22. Rc7 Kd8 23. Rc6 Ke7 24. Ke2 a5 25. Rbb6 Rd8 26. f3 Ra7 27. e4 Ra8
28. Ke3 Rd7 29. Rb1 Rda7 30. Rh1 Bd7 31. Rb6 Rh8 32. Rhb1 Rc7 33. g3 Rcc8 34.
Rh1 Ba4 35. Rb7+ Kf8 36. c4 Kg7 37. Rb6 Rhd8 38. Rb2 Rc7 39. Rbh2 Rh8 40. Rb1
Rd8 41. Rb6 Be8 42. Ra6 a4 43. f4 f6 44. gxf6+ Kxf6 45. c5 Rxc5 46. Rxh7 Rc3
47. fxe5+ Kxe5 48. Raa7 Kf6 49. Rae7 Kg5 50. Kd4 Rc1 51. e5 Rd1 52. Re6 Kg4 53.
Ke3 Rc1 54. exd6 Kxg3 55. Rhe7 Re1+ 56. Be2 Rxe2+ 57. Kxe2 Bb5+ 58. Ke3 g5 59.
Kd4 Bd7 60. Rf6 Kg4 61. Rf1 Kh5 62. Rh1+ Kg6 63. Rhh7 Bf5 64. Ke5 Rg8 65. d7
Bxd7 66. Rxd7 g4 67. d6 g3 68. Rh3 Re8+ 69. Re7 Rf8 70. Rxg3+ Kh6 71. d7 Rf1
72. d8=Q Re1+ 73. Kf5 Rf1+ 74. Kg4 Kg6 75. Kh3+ Kf5 76. Qf8# {Hossa checkmated}
1-0

[Event "ICS rated blitz match"]
[Site "204.178.125.65"]
[Date "2001.01.13"]
[Round "?"]
[White "Hossa"]
[Black "bescientific"]
[Result "1-0"]
[WhiteElo "2609"]
[BlackElo "2081"]
[PlyCount "81"]
[EventDate "2001.??.??"]

1. Nf3 d5 2. e3 c6 3. d4 Bg4 4. c4 e6 5. cxd5 exd5 6. Qb3 Qb6 7. Qxb6 axb6 8.
Ne5 Bf5 9. Bd3 Bxd3 10. Nxd3 Nf6 11. f3 Nbd7 12. O-O Bd6 13. Nf2 c5 14. Nc3 O-O
15. Nb5 Bb8 16. Bd2 Re8 17. Rfc1 Re6 18. Nd3 c4 19. Nf2 h5 20. b3 cxb3 21. axb3
Rxa1 22. Rxa1 Rc6 23. Nc3 Kh7 24. Nd3 Bd6 25. e4 dxe4 26. fxe4 Ng4 27. e5 Bb8
28. Ne4 f6 29. h3 Nh6 30. d5 Rc2 31. e6 Nc5 32. e7 Nxe4 33. e8=Q Rxd2 34. Qxe4+
f5 35. Qe3 Rc2 36. Qxb6 Bg3 37. Rf1 f4 38. Nxf4 Nf5 39. Qg6+ Kh8 40. Qxf5 Rxg2+
41. Kxg2 {bescientific resigns} 1-0

[Event "ICS rated blitz match"]
[Site "204.178.125.65"]
[Date "2001.01.13"]
[Round "?"]
[White "Hossa"]
[Black "QuarkX"]
[Result "1-0"]
[WhiteElo "2610"]
[BlackElo "2515"]
[PlyCount "97"]
[EventDate "2001.??.??"]

1. Nf3 f5 2. d4 d6 3. Bf4 Nf6 4. e3 e6 5. Bb5+ Bd7 6. Bxd7+ Nbxd7 7. Nc3 Ne4 8.
Nxe4 fxe4 9. Ng5 e5 10. dxe5 dxe5 11. Ne6 Qc8 12. Bg5 Nf6 13. Bxf6 gxf6 14.
Qh5+ Ke7 15. Nc5 b6 16. Nxe4 Bg7 17. Ng3 Qd7 18. Nf5+ Kf8 19. O-O c5 20. Rfd1
Qb7 21. Rd2 Qf7 22. Qd1 Rg8 23. Rd8+ Rxd8 24. Qxd8+ Qe8 25. Qc7 Bh8 26. Rd1 Rg5
27. Rd8 Rxf5 28. Rxe8+ Kxe8 29. Qc8+ Ke7 30. Qxf5 Bg7 31. Qxh7 Kf7 32. Qe4 Bf8
33. Qd5+ Ke7 34. Qb7+ Ke6 35. Qxa7 b5 36. Qb6+ Kf7 37. Qxb5 Be7 38. Qd7 Kf8 39.
c3 Kf7 40. b4 cxb4 41. cxb4 Kf8 42. a4 Kf7 43. a5 e4 44. a6 f5 45. Qxf5+ Kg7
46. a7 Bd8 47. a8=Q Kg8 48. Qxd8+ Kg7 49. Qdf8# {QuarkX checkmated} 1-0

[Event "ICS rated blitz match"]
[Site "204.178.125.65"]
[Date "2001.01.13"]
[Round "?"]
[White "QuarkX"]
[Black "Hossa"]
[Result "1/2-1/2"]
[WhiteElo "2503"]
[BlackElo "2622"]
[PlyCount "280"]
[EventDate "2001.??.??"]

1. Nf3 Nf6 2. d3 Nc6 3. e4 d5 4. e5 Nd7 5. d4 f6 6. Bb5 fxe5 7. dxe5 e6 8. c4
Bb4+ 9. Nc3 dxc4 10. Bg5 Be7 11. Bxe7 Qxe7 12. Bxc6 bxc6 13. Qd4 Nc5 14. O-O
O-O 15. Ne4 Nxe4 16. Qxe4 Rb8 17. Rab1 Rb4 18. Nd4 Bd7 19. Nxc6 Bxc6 20. Qxc6
Rfb8 21. Rbd1 R4b6 22. Qxc4 Rxb2 23. a4 Rf8 24. Rc1 Qd7 25. Qxc7 Qxa4 26. Qe7
Qg4 27. Qxa7 Qf4 28. Rce1 Rc2 29. Qb6 Kh8 30. g3 Qf5 31. f4 Qh3 32. Rf2 Rcc8
33. Rb1 Rcd8 34. Ra2 g5 35. fxg5 Qg4 36. Rf2 Qxg5 37. Rxf8+ Rxf8 38. Qc5 Qf5
39. Rc1 Qf3 40. Qd4 Qe2 41. Rb1 Kg7 42. Qc5 Rf7 43. Qc3 Rf5 44. Re1 Qf2+ 45.
Kh1 Qa2 46. Qe3 Rf2 47. Qg5+ Kf7 48. Qh5+ Kg7 49. Qg4+ Kh8 50. Qh3 Qd2 51. Rf1
Qd5+ 52. Kg1 Rb2 53. Rf8+ Kg7 54. Qf1 Qc5+ 55. Rf2 Rc2 56. Kg2 Rxf2+ 57. Qxf2
Qxe5 58. h3 Qe4+ 59. Qf3 Qxf3+ 60. Kxf3 Kf6 61. Ke3 Kf7 62. Kf4 Kf8 63. g4 Kg7
64. Ke5 Kf7 65. h4 Kg6 66. Kxe6 Kh6 67. Kf5 Kg7 68. g5 Kf7 69. h5 Kg7 70. Ke6
Kh8 71. Kd6 h6 72. g6 Kg7 73. Ke6 Kg8 74. Ke5 Kf8 75. Kf6 Kg8 76. Ke7 Kg7 77.
Kd6 Kf6 78. Kd7 Kg7 79. Ke7 Kg8 80. Ke6 Kg7 81. Kf5 Kh8 82. Ke5 Kg7 83. Kd4 Kf6
84. Kd3 Ke7 85. Kc3 Kf8 86. Kb4 Kg7 87. Kb3 Kf6 88. Ka4 Ke7 89. Kb4 Kf8 90. Kc5
Kg8 91. Kb5 Kg7 92. Kc6 Kf6 93. Kb6 Ke7 94. Kc5 Ke8 95. Kd4 Kf8 96. Ke4 Ke7 97.
Kf5 Ke8 98. Kg4 Kf8 99. Kf4 Kg7 100. Ke4 Kf6 101. Kd4 Ke6 102. Kc4 Kf6 103. Kc5
Kg7 104. Kb6 Kh8 105. Ka6 Kg7 106. Kb7 Kg8 107. Kc8 Kh8 108. Kb8 Kg7 109. Ka7
Kg8 110. Kb7 Kf8 111. Kc6 Ke8 112. Kb5 Kf8 113. Kb6 Ke7 114. Kc7 Ke8 115. Kd6
Kf8 116. Kd5 Kg7 117. Ke5 Kf8 118. Kd4 Kg7 119. Kd3 Kh8 120. Ke4 Kg7 121. Kd5
Kf8 122. g7+ Kg8 123. Ke5 Kxg7 124. Ke6 Kh7 125. Kf7 Kh8 126. Kf6 Kh7 127. Ke6
Kg7 128. Ke7 Kh7 129. Kf6 Kh8 130. Kg6 Kg8 131. Kxh6 Kh8 132. Kg6 Kg8 133. Kg5
Kh7 134. h6 Kh8 135. Kg6 Kg8 136. Kg5 Kh7 137. Kh5 Kh8 138. Kg6 Kg8 139. Kg5
Kf8 140. Kg6 Kg8 {Game drawn by repetition} 1/2-1/2

[Event "ICS rated blitz match"]
[Site "204.178.125.65"]
[Date "2001.01.13"]
[Round "?"]
[White "Hossa"]
[Black "mlaura"]
[Result "1-0"]
[WhiteElo "2617"]
[BlackElo "1954"]
[PlyCount "37"]
[EventDate "2001.??.??"]

1. Nf3 Nf6 2. d4 g6 3. c4 Bg7 4. Nc3 O-O 5. e4 d6 6. Be2 Nc6 7. O-O e5 8. dxe5
dxe5 9. Bg5 Qxd1 10. Rfxd1 Be6 11. Nd5 Bxd5 12. exd5 Nd4 13. Nxd4 exd4 14. Rxd4
Rfe8 15. Bf3 Rad8 16. Rf4 Rd6 17. c5 Ra6 18. d6 Nd5 19. Bxd5 {mlaura resigns}
1-0

[Event "ICS rated blitz match"]
[Site "204.178.125.65"]
[Date "2001.01.13"]
[Round "?"]
[White "QuarkX"]
[Black "Hossa"]
[Result "1-0"]
[WhiteElo "2511"]
[BlackElo "2618"]
[Annotator "Fritz 6 (16s)"]
[PlyCount "129"]
[EventDate "2001.??.??"]

1. f4 {A02: Froms Gambit und Bird-Eroeffnung} 1... Nf6 2. Nf3 g6 3. c4 Bh6 4.
e3 O-O 5. Nc3 d5 6. cxd5 Nxd5 7. d4 Bf5 8. Bd2 Bg7 9. Qb3 Nxc3 10. Bxc3 Be4 {
Hier kann der schwarze Laeufer nicht durch Bauern angegriffen werden} 11. Bc4
e6 12. O-O a5 13. Ng5 Bc6 14. Nxe6 fxe6 15. Bxe6+ Kh8 16. d5 Bd7 17. Qxb7 Na6
18. Qb3 Bxe6 19. dxe6 Bxc3 (19... Qe7 $142 $5 $11 {ist bedenkenswert}) 20.
Qxc3+ Qf6 $4 (20... Kg8 $142 {war der einzige Versuch} 21. e4 Qd6 $14) 21. e7
Qxc3 22. exf8=Q+ Rxf8 23. bxc3 Re8 24. Kf2 Nc5 25. Ke2 Ne4 26. Kd3 Nf6 27. h3
Kg7 28. g4 h6 29. Rad1 c6 30. c4 Ne4 31. h4 {Weiss bereitet g5 vor} 31... Nf6
32. g5 hxg5 33. hxg5 Ne4 34. Rb1 Nc5+ 35. Ke2 Ne4 36. Rb7+ Kg8 37. Rc1 Ng3+ 38.
Kf3 Nf5 39. Rc3 Nh4+ 40. Kf2 Nf5 41. Rd3 Kf8 42. Ra7 a4 43. Rxa4 Kf7 44. Ra7+
Ke6 45. c5 Rh8 46. e4 Rh2+ 47. Kg1 Rc2 48. exf5+ Kxf5 49. Rf7+ Kg4 50. Rd6 Rxc5
51. Rxg6 Kf3 (51... Kg3 {holt die Kuh nicht vom Eis} 52. Kf1 $18) 52. Rd6 Rc2 (
52... Rc1+ {hilft auch nicht mehr} 53. Kh2 Rc2+ 54. Kh3 $18) 53. g6 Rc1+ 54.
Kh2 Rc2+ 55. Kh3 Rxa2 56. g7 Ra8 57. Rf8 Ra1 {Nicht ohne Drohungen} 58. Rd3+
Ke4 59. Rg3 Rf1 (59... Rd1 {aendert den Lauf der Dinge nicht} 60. g8=Q Rh1+ 61.
Kg4 Rh4+ 62. Kxh4 Kd4 63. Qg7+ Kc5 64. Rc3+ Kd6 65. Qe5+ Kd7 66. Rd3#) 60. g8=Q
Rh1+ 61. Kg2 Rc1 (61... Rh2+ {aendert nichts mehr} 62. Kxh2 Kd4 63. Qg7+ Kc5
64. Rc3+ Kd6 65. Qe5+ Kd7 66. Rd3#) 62. Qb3 Kd4 63. Rd8+ Ke4 64. Qe3+ Kf5 65.
Rf8# 1-0

[Event "ICS rated blitz match"]
[Site "204.178.125.65"]
[Date "2001.01.13"]
[Round "?"]
[White "Hossa"]
[Black "QuarkX"]
[Result "1/2-1/2"]
[WhiteElo "2597"]
[BlackElo "2532"]
[PlyCount "459"]
[EventDate "2001.??.??"]

1. Nf3 c5 2. e4 e6 3. d4 cxd4 4. Nxd4 a6 5. Bd3 Nc6 6. Nxc6 dxc6 7. O-O e5 8.
Qe2 Nf6 9. Bc4 b5 10. Rd1 Bd6 11. Bb3 O-O 12. a4 Bg4 13. f3 Bh5 14. axb5 axb5
15. Rxa8 Bc5+ 16. Kh1 Qxa8 17. Nc3 Rd8 18. Bg5 Rxd1+ 19. Qxd1 Qa5 20. Bxf6 gxf6
21. g4 Bg6 22. Ne2 h5 23. gxh5 Bxh5 24. Kg2 Bg6 25. Ng3 Bd4 26. c3 Be3 27. Bc2
b4 28. cxb4 Qxb4 29. Qd8+ Kg7 30. Qd7 c5 31. b3 Bd4 32. Bd1 Qe1 33. Be2 Bg1 34.
Qh3 Bf2 35. Bf1 Be3 36. Qg4 Qf2+ 37. Kh3 Bg5 38. Bb5 Qc2 39. Bc4 Qd2 40. Ne2
Qd1 41. Kg2 Qe1 42. Ng3 Qd2+ 43. Be2 Kh7 44. Qh3+ Bh6 45. Qh4 Kg7 46. Qg4 Kh7
47. Qc8 Bf4 48. Kf1 Qc1+ 49. Kg2 Qb2 50. Kf2 Be3+ 51. Kg2 Qxb3 52. h4 Qe6 53.
Qd8 Kg7 54. h5 Bh7 55. Qa8 Qb3 56. Qc8 Qa2 57. Qg4+ Bg5 58. h6+ Kxh6 59. Qh3+
Kg7 60. Nh5+ Kg6 61. Ng3 Qc2 62. Kg1 c4 63. Kf1 Qc1+ 64. Kg2 Qb2 65. Kf1 c3 66.
Bc4 Qb7 67. Bd3 Qb3 68. Qf5+ Kg7 69. Nh5+ Kh6 70. Qh3 Qd1+ 71. Kg2 Qd2+ 72. Kh1
Bg6 73. Nf4+ Kg7 74. Nxg6 Qe1+ 75. Kh2 fxg6 76. Qd7+ Kh6 77. Qh3+ Bh4 78. Qg2
Qd2 79. Qxd2+ cxd2 80. Be2 f5 81. exf5 gxf5 82. Bd1 Kg5 83. Kh3 Be1 84. Be2 Kf4
85. Kg2 Ke3 86. Kf1 Bg3 87. Bd1 Bh2 88. Be2 e4 89. fxe4 fxe4 90. Bd1 Be5 91.
Bc2 Bc7 92. Ba4 Bd6 93. Bd1 Bf4 94. Bb3 Kd3 95. Ba4 Be5 96. Kf2 Bd4+ 97. Kf1
Bf6 98. Kf2 Bh4+ 99. Kf1 Bg5 100. Bb5+ Ke3 101. Ba4 Bd8 102. Bd1 Kd3 103. Ba4
Bb6 104. Bb5+ Ke3 105. Ba4 Bc7 106. Bd1 Bh2 107. Bc2 Be5 108. Bd1 Bb8 109. Ba4
Ba7 110. Bd1 Kd3 111. Ba4 Bd4 112. Bb5+ Ke3 113. Ba4 Bb6 114. Bd1 Kd3 115. Ba4
Bc5 116. Bb5+ Ke3 117. Ba4 Bd4 118. Bd1 Ba7 119. Ba4 Bb8 120. Bd1 Kd3 121. Ba4
Bd6 122. Bb5+ Ke3 123. Ba4 Bg3 124. Bd1 Kd3 125. Ba4 Bf4 126. Kf2 Be3+ 127. Kf1
Ba7 128. Bb5+ Kd4 129. Ke2 e3 130. Kd1 Bb8 131. Bd7 Kc3 132. Bc6 Be5 133. Be4
Bd6 134. Bf5 Bg3 135. Be6 Be5 136. Bd7 Kd3 137. Bb5+ Ke4 138. Ke2 Kd4 139. Bc6
Bf4 140. Bb5 Bh2 141. Bc6 Bd6 142. Bb7 Bc7 143. Bc6 Bb8 144. Be8 Bd6 145. Bg6
Be5 146. Kd1 Bf4 147. Bf5 Bd6 148. Bg4 Bg3 149. Bf5 Bc7 150. Ke2 Bb8 151. Bd7
Bd6 152. Ba4 Bg3 153. Bd7 Bh4 154. Bf5 Bf6 155. Kd1 Kd5 156. Bd3 Be5 157. Ke2
Bf4 158. Bf5 Ke5 159. Bd3 Bh6 160. Bb5 Kd4 161. Bc6 Bf8 162. Bd7 Be7 163. Bf5
Bg5 164. Bd7 Kc3 165. Kd1 Bf4 166. Bb5 Bd6 167. Bd7 Kd3 168. Bf5+ Kc4 169. Be6+
Kc5 170. Bf5 Be5 171. Be4 Bf4 172. Bf3 Kd4 173. Kc2 Bd6 174. Bc6 Kc4 175. Be4
Bb8 176. Bd3+ Kd4 177. Bf5 Be5 178. Kd1 Bf4 179. Be6 e2+ 180. Kxe2 Kc3 181. Kd1
Kd3 182. Bg4 Ke3 183. Kc2 Be5 184. Kd1 Bd4 185. Kc2 Ba1 186. Kd1 Bc3 187. Kc2
Bb4 188. Kd1 Ba5 189. Kc2 Bd8 190. Kd1 Bf6 191. Kc2 Be7 192. Kd1 Bg5 193. Kc2
Bf6 194. Kd1 Be7 195. Kc2 Bg5 196. Kd1 Bd8 197. Kc2 Bc7 198. Kd1 Be5 199. Kc2
Bd4 200. Kd1 Bc5 201. Kc2 Bd6 202. Kd1 Bg3 203. Kc2 Bf4 204. Kd1 Bh6 205. Kc2
Bg7 206. Kd1 Bf8 207. Kc2 Bc5 208. Kd1 Bb6 209. Kc2 Ba7 210. Kd1 Bb8 211. Kc2
Bg3 212. Kd1 Bd6 213. Kc2 Bf8 214. Kd1 Bg7 215. Kc2 Bh6 216. Kd1 Kd3 217. Bh3
Bg5 218. Bg2 Be7 219. Bh1 Ke3 220. Kc2 Bf6 221. Kd1 Bd8 222. Kc2 Bb6 223. Kd1
Bd4 224. Kc2 Bc3 225. Kd1 Be5 226. Kc2 Bg7 227. Kd1 Bf6 228. Kc2 Bd4 229. Kd1
Bc3 230. Bg2 {QuarkX ran out of time and Hossa has no material to mate} 1/2-1/2

[Event "ICS rated blitz match"]
[Site "204.178.125.65"]
[Date "2001.01.13"]
[Round "?"]
[White "Valg"]
[Black "Hossa"]
[Result "1-0"]
[WhiteElo "2675"]
[BlackElo "2594"]
[PlyCount "123"]
[EventDate "2001.??.??"]

1. e4 c5 2. d4 cxd4 3. Qxd4 Nc6 4. Qd3 Nf6 5. Nc3 e6 6. Bg5 Bc5 7. Nh3 O-O 8.
O-O-O d6 9. Na4 Bd4 10. c3 Bb6 11. Nxb6 axb6 12. Kb1 d5 13. exd5 exd5 14. Nf4
h6 15. Bxf6 Qxf6 16. Nxd5 Qxf2 17. Qf3 Bf5+ 18. Bd3 Bxd3+ 19. Rxd3 Qc5 20. Re3
Qa5 21. a3 Ra7 22. Rhe1 Qc5 23. Re8 Ra8 24. Ne7+ Nxe7 25. R8xe7 Qb5 26. R1e5
Qb3 27. Qd5 Qa4 28. Rf5 Rad8 29. Rfxf7 Qd1+ 30. Qxd1 Rxd1+ 31. Kc2 Rxf7 32.
Re8+ Kh7 33. Kxd1 Rf1+ 34. Re1 Rf8 35. Re6 Rf2 36. Re2 Rf1+ 37. Kd2 b5 38. Ke3
b4 39. axb4 Rf7 40. Rf2 Rd7 41. Ke4 h5 42. c4 Kh6 43. c5 Re7+ 44. Kd5 Rd7+ 45.
Ke6 Rd1 46. b5 Rc1 47. Kd6 Rc4 48. c6 bxc6 49. bxc6 Rd4+ 50. Kc5 Rd1 51. c7
Rc1+ 52. Kd6 h4 53. b4 g5 54. b5 Kg6 55. b6 Rd1+ 56. Kc6 Rc1+ 57. Kb7 Rb1 58.
c8=Q Rxb6+ 59. Kxb6 Kg7 60. Qf8+ Kh7 61. Rf6 g4 62. Rh6# {Hossa checkmated} 1-0

[Event "ICS rated blitz match"]
[Site "204.178.125.65"]
[Date "2001.01.13"]
[Round "?"]
[White "Hossa"]
[Black "armenjan"]
[Result "1-0"]
[WhiteElo "2586"]
[BlackElo "2240"]
[PlyCount "81"]
[EventDate "2001.??.??"]

1. Nf3 Nc6 2. d4 d5 3. Bf4 Bf5 4. e3 e6 5. Bb5 Bd6 6. Ne5 Nge7 7. g4 Be4 8. f3
Bg6 9. O-O O-O 10. Nxg6 hxg6 11. Bxd6 cxd6 12. f4 e5 13. dxe5 dxe5 14. Nc3 d4
15. exd4 exd4 16. Ne4 Qb6 17. Bxc6 Nxc6 18. Rf3 Rfe8 19. Nf2 Re3 20. Nd3 Rae8
21. Qf1 Qc7 22. Rd1 Qd6 23. Qg2 R8e4 24. Rxe3 Rxe3 25. a4 a6 26. Rf1 Qe7 27.
Qf2 Re2 28. Re1 Rxf2 29. Rxe7 Rxc2 30. Rxb7 Rd2 31. Nc5 d3 32. Nxa6 Rd1+ 33.
Kf2 Rh1 34. Ke3 Rxh2 35. Kxd3 Rg2 36. Rc7 Na5 37. Kc3 Rg3+ 38. Kb4 Nb3 39. Rc3
Rxg4 40. Kxb3 Rxf4 41. Ka3 {armenjan resigns} 1-0

[Event "ICS rated blitz match"]
[Site "204.178.125.65"]
[Date "2001.01.13"]
[Round "?"]
[White "Hossa"]
[Black "Valg"]
[Result "0-1"]
[WhiteElo "2590"]
[BlackElo "2681"]
[PlyCount "134"]
[EventDate "2001.??.??"]

1. Nf3 Nf6 2. d4 g6 3. c4 Bg7 4. Nc3 O-O 5. e4 d6 6. Be2 e5 7. Be3 Ng4 8. Bg5
f6 9. Bh4 Nc6 10. dxe5 dxe5 11. Qxd8 Nxd8 12. Nd5 Ne6 13. O-O Nf4 14. Nxf4 exf4
15. h3 Nh6 16. Rad1 Nf7 17. Nd4 g5 18. Nb5 c6 19. Nc7 Rb8 20. Bh5 gxh4 21. Rfe1
b5 22. cxb5 Rb7 23. b6 axb6 24. Na6 c5 25. Rd2 Ra7 26. Nb8 Ne5 27. Rd6 Nc4 28.
Rd3 Nxb2 29. Rd2 Nc4 30. Nc6 Nxd2 31. Nxa7 Bb7 32. Rd1 Nxe4 33. Rd7 Ba8 34. Be2
h6 35. Bc4+ Kh7 36. f3 Nc3 37. Rd6 Rb8 38. Bd3+ Kh8 39. a3 Bd5 40. Nb5 Nxb5 41.
Bxb5 Bf7 42. Kf2 Kg8 43. Ke2 Kf8 44. Kd3 f5 45. Kc2 h5 46. a4 Rb7 47. Bc6 Ke7
48. Rd1 Rc7 49. Re1+ Kf8 50. Bb5 Re7 51. Rb1 Bd4 52. Bf1 c4 53. Rd1 Bc5 54.
Rd8+ Kg7 55. Rd1 Ra7 56. Ra1 b5 57. a5 b4 58. a6 Be7 59. Ra4 b3+ 60. Kc1 c3 61.
Bd3 Rd7 62. Be2 Rd2 63. g4 b2+ 64. Kb1 Bb3 65. Rb4 Bxb4 66. a7 Bc2+ 67. Ka2
b1=Q# {Hossa checkmated} 0-1

[Event "ICS rated standard match"]
[Site "204.178.125.65"]
[Date "2001.01.13"]
[Round "?"]
[White "Hossa"]
[Black "quanta"]
[Result "1/2-1/2"]
[WhiteElo "2317"]
[BlackElo "2192"]
[PlyCount "199"]
[EventDate "2001.??.??"]

1. f4 e6 2. e4 d5 3. exd5 exd5 4. Nf3 Bg4 5. Nc3 c6 6. Be2 Bxf3 7. Bxf3 Bd6 8.
O-O Nf6 9. Re1+ Kd7 10. d3 Re8 11. Rxe8 Kxe8 12. Be3 Qc7 13. Qd2 Nbd7 14. Re1
Kf8 15. g3 Re8 16. Bd4 Rxe1+ 17. Qxe1 Bc5 18. Bxc5+ Nxc5 19. a3 Qe7 20. Qxe7+
Kxe7 21. Kf2 Kd6 22. Ke3 Ne6 23. d4 Ng8 24. f5 Ng5 25. Bg2 h6 26. h4 Nh7 27.
Bf3 Ne7 28. Kf4 g5+ 29. fxg6 fxg6 30. Be2 Ke6 31. Bd3 Kf6 32. g4 g5+ 33. Ke3
Nf8 34. h5 Ne6 35. Ne2 Nc8 36. b3 b5 37. Ng1 Nf4 38. Nf3 Nxd3 39. Kxd3 Ke6 40.
b4 Ne7 41. Ne5 Kf6 42. Ke3 Ke6 43. Kf3 Kf6 44. Ke2 Ke6 45. c3 Kf6 46. Kd3 Ke6
47. Kd2 Kf6 48. Ke3 Ke6 49. Kf3 Kf6 50. Kg3 Ke6 51. Kf2 Kf6 52. Ke1 Ke6 53. Kd1
Kf6 54. Kc2 Ke6 55. Kc1 Kf6 56. a4 Ke6 57. a5 Kf6 58. Kd2 Ke6 59. Ke3 Kf6 60.
Kf3 Ke6 61. Kf2 Kf6 62. Kg2 Ke6 63. Kg3 Kf6 64. Nd7+ Ke6 65. Nc5+ Kd6 66. Nd3
Ke6 67. Kf2 Kd6 68. Ne5 Ke6 69. Ke1 Kf6 70. Ke2 Ke6 71. Kd3 Kf6 72. a6 Ke6 73.
Ke3 Kf6 74. Kf3 Ke6 75. Kg2 Kf6 76. Kg3 Ke6 77. Kh2 Kf6 78. Kg1 Ke6 79. Kf2 Kf6
80. Ke2 Ke6 81. Kd2 Kf6 82. Ke1 Ke6 83. Kf1 Kf6 84. Nd3 Ke6 85. Kg2 Kd6 86. Nc5
Ng8 87. Kf3 Ne7 88. Nd3 Ke6 89. Ke3 Kd6 90. Kd2 Ke6 91. Kd1 Kd6 92. Ke1 Ke6 93.
Kf2 Kd6 94. Ne5 Ke6 95. Nf3 Kf6 96. Ke2 Ke6 97. Nd2 Kf6 98. Nf1 Ke6 99. Nd2 Kf6
100. Nf1 {Game drawn by mutual agreement} 1/2-1/2

[Event "ICS rated standard match"]
[Site "204.178.125.65"]
[Date "2001.01.13"]
[Round "?"]
[White "Amateur"]
[Black "Hossa"]
[Result "0-1"]
[WhiteElo "2318"]
[BlackElo "2318"]
[PlyCount "122"]
[EventDate "2001.??.??"]

1. c4 e5 2. Nc3 d6 3. Nf3 Nf6 4. d4 exd4 5. Nxd4 Nbd7 6. Bf4 Be7 7. e3 O-O 8.
Be2 Nc5 9. O-O Re8 10. Bf3 Ne6 11. Nxe6 fxe6 12. Qe2 Rf8 13. Rad1 Nd7 14. Bg3
Kh8 15. Nb5 e5 16. Rd2 Bf6 17. Be4 Nc5 18. Bc2 Kg8 19. Qh5 g6 20. Bxg6 hxg6 21.
Qxg6+ Kh8 22. f4 e4 23. b4 Ne6 24. Qxe4 Ng7 25. Qg6 Bf5 26. Qh6+ Kg8 27. Kh1
Kf7 28. e4 Rh8 29. Qxh8 Qxh8 30. exf5 Nxf5 31. Bf2 Qc8 32. Re2 a6 33. Na3 Qh8
34. Nc2 Qh5 35. Re4 Rg8 36. Rfe1 Bc3 37. R1e2 b5 38. cxb5 axb5 39. h3 d5 40.
Re6 d4 41. Ne1 Bxb4 42. R2e4 Bd6 43. Nf3 d3 44. R6e5 Bxe5 45. Rxe5 c6 46. Be1
Re8 47. Kg1 Qg6 48. a3 Ne3 49. g3 Nc2 50. Bf2 Nxa3 51. Kg2 Nc4 52. Ng5+ Kg8 53.
f5 Rxe5 54. fxg6 d2 55. Nf3 d1=Q 56. Nxe5 Nxe5 57. g4 Qf3+ 58. Kg1 Nd3 59. h4
Qxf2+ 60. Kh1 Qg3 61. g7 Nf2# {Amateur checkmated} 0-1

[Event "ICS rated blitz match"]
[Site "204.178.125.65"]
[Date "2001.01.13"]
[Round "?"]
[White "ChesterX"]
[Black "Hossa"]
[Result "1-0"]
[WhiteElo "2640"]
[BlackElo "2578"]
[PlyCount "121"]
[EventDate "2001.??.??"]

1. e4 c6 2. d4 Nf6 3. e5 Nd5 4. Nf3 d6 5. c4 Nb6 6. Bd3 Na6 7. O-O dxe5 8. Nxe5
g6 9. c5 Nd7 10. Bxa6 Nxe5 11. Bxb7 Bxb7 12. dxe5 Ba6 13. Qf3 Qd5 14. Qxd5 cxd5
15. Rd1 e6 16. Be3 Rb8 17. Bd4 Kd7 18. Nd2 Bh6 19. g3 Kc6 20. Nb3 Be2 21. Re1
Bd3 22. f3 Rhd8 23. Na5+ Kc7 24. a3 Bg5 25. b4 Ra8 26. c6 Rdc8 27. Bc5 Rh8 28.
Rad1 Bc2 29. Rd4 a6 30. Bd6+ Kb6 31. c7 Bh6 32. Rh4 Bg5 33. Rg4 Bh6 34. Kf2
Rac8 35. Rh4 Bg5 36. Rd4 Bh6 37. Kf1 Ba4 38. Kg2 Bc2 39. Kh1 Ra8 40. Re2 Ba4
41. f4 Rac8 42. Re3 g5 43. fxg5 Bxg5 44. Rc3 Be8 45. Rf3 Rg8 46. Nb3 Rg6 47. h4
Bh6 48. Nc5 Bc1 49. g4 Rg8 50. g5 Bc6 51. Rxf7 h6 52. Nxe6 hxg5 53. Bc5+ Kb5
54. a4+ Kxa4 55. b5+ Kxb5 56. Rb4+ Ka5 57. Nd4 Ba4 58. Rf2 Ba3 59. Rxa4+ Kxa4
60. Ra2 gxh4 61. Rxa3# {Hossa checkmated} 1-0

[Event "ICS rated blitz match"]
[Site "204.178.125.65"]
[Date "2001.01.13"]
[Round "?"]
[White "Amateur"]
[Black "Hossa"]
[Result "0-1"]
[WhiteElo "2599"]
[BlackElo "2565"]
[PlyCount "162"]
[EventDate "2001.??.??"]

1. e4 e6 2. d4 d5 3. Nd2 c5 4. exd5 exd5 5. Ngf3 Nc6 6. Bb5 Bd6 7. dxc5 Bxc5 8.
O-O Nge7 9. Nb3 Bd6 10. Re1 O-O 11. Be3 Re8 12. Rc1 Qc7 13. Nbd4 Bg4 14. h3 Bh5
15. Qd2 a6 16. Be2 Na5 17. b3 b6 18. c3 Nb7 19. c4 Ba3 20. Rcd1 dxc4 21. Bxc4
Nd6 22. Be2 Ne4 23. Qc2 Nc3 24. Bd3 Ned5 25. Bxh7+ Kh8 26. Rd3 Rac8 27. Bd2
Rxe1+ 28. Bxe1 Bxf3 29. Nxf3 g6 30. Ng5 Qe7 31. Bxc3+ Rxc3 32. Rxc3 Qe1+ 33.
Kh2 Qxc3 34. Bxg6 Qe5+ 35. g3 Qxg5 36. Bxf7 Bc5 37. h4 Nb4 38. hxg5 Nxc2 39. f4
Be3 40. g6 Nd4 41. Kh3 Kg7 42. Kg4 a5 43. Kg5 Bf2 44. Kg4 Be1 45. Kg5 Bxg3 46.
f5 Be5 47. a4 Nc2 48. Be6 Bc3 49. Kf4 Nd4 50. Bd7 Nxb3 51. Bb5 Kf6 52. Bd7 Be5+
53. Kg4 Nd4 54. Bc8 b5 55. axb5 a4 56. Bb7 a3 57. Bd5 Nxb5 58. Be6 Nd4 59. Bf7
Nxf5 60. Ba2 Kxg6 61. Bb1 Kf6 62. Kf3 Nd4+ 63. Kg4 Nc2 64. Kf3 Nb4 65. Kg4 a2
66. Bxa2 Nxa2 67. Kf3 Kf5 68. Ke3 Nc1 69. Kd2 Bf4+ 70. Kc3 Ke5 71. Kc4 Be3 72.
Kc3 Kd5 73. Kb4 Bd4 74. Kb5 Nd3 75. Ka4 Kc4 76. Ka5 Nb4 77. Ka4 Bb6 78. Ka3 Nd3
79. Ka4 Nb2+ 80. Ka3 Kc3 81. Ka2 Nc4 {Amateur resigns} 0-1